| 000 | 01574nam1a22003011i 4500 | ||
|---|---|---|---|
| 001 | rc\2909808 | ||
| 005 | 20260407064004.0 | ||
| 035 | _a(NLR Aleph) 009036280 | ||
| 090 |
_a9521814 _c9521814 |
||
| 100 | _a20110805d1933 |||y0rusy50 ca | ||
| 101 | 1 | _arus | |
| 102 | _aRU | ||
| 105 | _ay z ||||| | ||
| 200 | 1 |
_aПосмертные записки Пикквикского клуба _fЧарльз Диккенс _gПер. А.В. Кривцовой и Евгения Ланна, при участии и с коммент. Г.Г. Шпета |
|
| 210 |
_a[Москва] _cAcademia _d1933 _g"Образцовая" тип. |
||
| 215 | _d26х18 см | ||
| 300 | _aИл.: В.А. Милашевский | ||
| 300 | _aДоб. тит. л.: "The posthumous papers of the Pickwick club by Charles Dickens. 1837" | ||
| 700 | 1 |
_8rus _7ca _aДиккенс _bЧ. _f1812-1870 _gЧарлз _3RU\NLR\AUTH\7713978 _9123656 |
|
| 702 | 1 |
_4730 _aКривцова _bА. В. _cпереводчик _f1896-1958 _gАлександра Владимировна _9153682 _3RU\NLR\AUTH\770153720 |
|
| 702 | 1 |
_4730 _8rus _7ca _aЛанн _bЕ. Л. _f1896-1958 _gЕвгений Львович _3RU\NLR\AUTH\77120192 _9103117 |
|
| 702 | 1 |
_4570 _8rus _7ca _aШпет _bГ. Г. _f1879-1937 _gГустав Густавович _3RU\NLR\AUTH\7735963 _918957 |
|
| 702 | 1 |
_4440 _aМилашевский _bВ.А. _f1893-1976 _gВладимир Алексеевич _3RU\NLR\AUTH\7768708 _951636 |
|
| 801 | 0 |
_aRU _bNLR _gpsbo |
|
| 801 | 1 |
_aRU _bELAR _2rusmarc |
|
| 801 | 2 |
_aRU _bNLR _c20130211 _2rusmarc |
|
| 852 |
_aNLR _j33-19/562(1) |
||
| 942 | _cBOOK | ||